Kraków - linia tramwajowa nr 11 - Statystyki

Ogólne statystyki
  • Ten quiz został rozwiązany 19 razy
  • Średni wynik to 17 z 26
Statystyki odpowiedzi
Hint Odpowiedź % Poprawnych
Pętla Czerwone Maki P+R
100%
9. (Pętla pośrednia, awaryjna) Łagiewniki
82%
14. (Pętla pośrednia) Kurdwanów P+R (03)
76%
10. (Przystanek na żądanie, istnieje tylko w tym kierunku) Łagiewniki ZUS
76%
19. Dauna
71%
22. Dworzec Płaszów Estakada
71%
21 Kabel
71%
2. Kampus UJ
71%
15. (Pętla pośrednia) Kurdwanów P+R (01)
71%
Pętla Mały Płaszów P+R
71%
4. Norymberska
71%
17. Nowosądecka
71%
20. Bieżanowska
65%
7. Borsucza
65%
8. (Przystanek na żądanie) Brożka
65%
5. Grota-Roweckiego
65%
18. Piaski Nowe
65%
12. Sanktuarium Bożego Miłosierdzia
65%
16. Witosa
65%
11. Łagiewniki SKA
59%
6. Lipińskiego
59%
23. Lipska
59%
3. Ruczaj
59%
13. Turowicza
59%
24. Rzebika
53%
1. Chmieleniec
41%
Nie znaleziono quizów pasujących do podanych kryteriów
Rozkład punktacji
Procent ludzi z każdym wynikiem
Percentyl według liczby udzielonych odpowiedzi
Twoja historia wyników
Nie rozwiązałeś tego quizu